00366nam a2200157Ia 4500008004100000041000800041100001200049245003400061260003700095300000800132365001300140500000700153520001900160650001000179999001900189230605s1999 xx 000 0 und d aeng aCreoles aExotic Desserts From Desserts bKonemann Pub Bonner c1999c1999 a213 b1196h20 a90 aReference Copy aF. P. c417968d417968